000 00740nam a2200241 i 4500
001 C2-0299729
003 PPAK
005 20180728081332.0
008 090816s2007 nyua|||| ||||| | eng d
020 _a9780789036605
040 _aPPAK
_beng
_cPPAK
_erda
082 0 4 _a025.52
_223
090 0 0 _a025.52
_bFED
_dR
245 0 0 _aFederated search :
_bsolution or setback for online library services
264 1 _aNew York :
_bThe Haworth Information Press ,
_c2007
300 _a453 pages :
_billustrations ;
_c22 cm
336 _2rdacontent
_atext
337 _2rdamedia
_aunmediated
338 _2rdacarrier
_avolume
500 _aInternet in library reference services.
700 1 _aCox, Christopher N.,
_eeditor
942 _ddc
_cB
999 _c103653
_d103653